Movies Quiz

Random Movies or Director Quiz

5-Star Box Office Directors Quiz Stats

Quiz Updated Jun 7, 2017

Challenge
Share
Tweet
Embed
Score 0/55 Timer 08:00
7 Plays Today
% Correct
E.T. the Extra-Terrestrial
94.7%
Gran Torino
89.4%
Titanic
89.3%
Jaws
89%
Million Dollar Baby
88.6%
Raiders of the Lost Ark
88.3%
Indiana Jones and the Kingdom of the Crystal Skull
87.8%
Avatar
87.5%
The Departed
87.4%
Jurassic Park
87.1%
Annie Hall
87%
O Brother, Where Art Thou?
82.2%
Unforgiven
81.9%
The Wolf of Wall Street
81.8%
Crouching Tiger, Hidden Dragon
80.3%
No Country for Old Men
78.8%
Midnight in Paris
78.8%
Hannah and Her Sisters
78.2%
Apollo 13
78.2%
Manhattan
78.1%
JFK
75.3%
Shutter Island
75.3%
Terminator 2: Judgment Day
75.1%
Life of Pi
74.3%
Burn After Reading
74.1%
Platoon
72.5%
The Aviator
71.6%
Gladiator
71.6%
% Correct
Born on the Fourth of July
71%
Blue Jasmine
70.8%
A Beautiful Mind
70.5%
Brokeback Mountain
70.1%
Slumdog Millionaire
68.7%
Aliens
68.5%
The Da Vinci Code
68.2%
American Sniper
67.3%
True Grit
64.6%
Prometheus
63.7%
The Ladykillers
62.3%
28 Days Later
61.8%
Cape Fear
61.4%
127 Hours
58.5%
Any Given Sunday
57.9%
The Martian
55.6%
Hulk
54.6%
True Lies
54.3%
World Trade Center
52%
Sully
51.5%
How the Grinch Stole Christmas
49.8%
The Beach
49.7%
American Gangster
48.5%
Sense and Sensibility
42.4%
Steve Jobs
38.2%
Hannibal
36.5%
Ransom
33.3%

You're not logged in!

Compare scores with friends on all Sporcle quizzes.
Sign Up with Email
OR
Log In

You Might Also Like...

Show Comments

Extras

Top Quizzes Today


Score Distribution

Your Account Isn't Verified!

In order to create a playlist on Sporcle, you need to verify the email address you used during registration. Go to your Sporcle Settings to finish the process.

Report this User

Report this user for behavior that violates our Community Guidelines.

Details: